Transbordos en el sistema de transporte publico del area metropolitana
Đã lưu trong:
| Tác giả chính: | |
|---|---|
| Định dạng: | Luận văn Sách |
| Ngôn ngữ: | Undetermined |
| Được phát hành: |
1982
|
| Những chủ đề: | |
| Các nhãn: |
Thêm thẻ
Không có thẻ, Là người đầu tiên thẻ bản ghi này!
|
MARC
| LEADER | 00000nam a2200000Ia 4500 | ||
|---|---|---|---|
| 001 | 2061 | ||
| 008 | 140114s9999 xx 000 0 und d | ||
| 100 | |a Urbina Paniagua, Cornelio A | ||
| 245 | |a Transbordos en el sistema de transporte publico del area metropolitana | ||
| 260 | |c 1982 | ||
| 500 | |a NULL | ||
| 502 | |a Escuela de ingenieria Civil | ||
| 650 | |z TRANSBORDOS | ||
| 999 | |c 11477 |d 11477 | ||
